Bezpečnostná rada OSN – aktuálne otázky a možný budúci vývoj bakalárska práca

Saved in:
Bibliographic Details
Main Author: Kozlíková, Ivana
Corporate Author: Fakulta medzinárodných vzťahov EU. Katedra medzinárodných ekonomických vzťahov a hospodárskej diplomacie
Other Authors: Hulmanová, Margita
Format: Book
Language:Slovak
Published: Bratislava 2012
Tags: Add Tag
No Tags, Be the first to tag this record!

MARC

LEADER 00000nbm a2200000 4500
001 0153651
005 20170206075905.2
041 0 |a slo 
044 |a SK 
245 1 0 |a Bezpečnostná rada OSN – aktuálne otázky a možný budúci vývoj  |b bakalárska práca  |c Ivana Kozlíková ; školiteľ: Margita Hulmanová 
264 1 |a Bratislava  |c 2012 
300 |a 50 s. 
100 1 |a Kozlíková, Ivana 
700 1 |a Hulmanová, Margita 
710 2 |a Fakulta medzinárodných vzťahov EU. Katedra medzinárodných ekonomických vzťahov a hospodárskej diplomacie